| 000 | 00902nam a22002417a 4500 | ||
|---|---|---|---|
| 001 | 80600 | ||
| 003 | BD-RjUL | ||
| 005 | 20230312112520.0 | ||
| 008 | 221023s1995 bg a|||| m||| 00| 0 eng d | ||
| 035 | _a(BD-RjUL)80600 | ||
| 040 |
_aBD-RjUL _beng _cBD-RjUL _dBD-RjUL |
||
| 041 | _aeng | ||
| 082 |
_223 _a582 _bSUA 1995 |
||
| 100 |
_aSultana, Mst. Jakeya _95431 |
||
| 245 | 1 | 0 |
_aArtificial aging effect on germination, Chromosomal changes and Yield in chickpea (cicer arietinum L.). / _cBy Mst. Jakeya Sultana ; _6Supervisor : Golam, Kabir |
| 260 |
_aRajshahi : _bDepartment of Botany, University of Rajshahi, _c1995 |
||
| 300 |
_axiii, 114 leaves : _bill, ; _c29.cm. |
||
| 502 | _aThesis (M. Phil.) -- Department of Botany, University of Rajshahi, 1995 | ||
| 504 | _aReferences : Leaves 103 - 114 | ||
| 650 |
_aPlants Migration _95432 |
||
| 700 |
_aKabir, Golam, Supervisor _93775 |
||
| 942 |
_2ddc _cTHE |
||
| 999 |
_c80600 _d80600 |
||